MARC

LEADER 00000nam0a2200000 4500
001 103061
005 20231031113235.0
035 |a (RuTPU)RU\TPU\book\111118 
090 |a 103061 
100 |a 20061011d1950 km y0rusy50 ca 
101 0 |a rus 
102 |a RU 
105 |a y z 000zy 
200 1 |a Теория многих частиц  |f А. А. Власов 
210 |a Москва  |c Гостехиздат  |d 1950  |a Ленинград 
215 |a 348 с. 
610 1 |a физика 
610 1 |a теоретическая физика 
610 1 |a частицы 
610 1 |a уравнения 
610 1 |a кристаллы 
610 1 |a электронная плазма 
610 1 |a страты 
675 |a 530.1  |v 3 
700 1 |a Власов  |b А. А. 
801 1 |a RU  |b 63413507  |c 20061011  |g PSBO 
801 2 |a RU  |b 63413507  |c 20210602  |g PSBO 
942 |c BK